000 02368cam a22005174i 4500
003 PE-LiUPU
005 20250731172836.0
008 150825s2014 xxu rb 001 0 eng d
020 _a9780615538426
035 _a(Sirsi) i9780615538426
040 _aPE-LiUPU
_bspa
_cPE-LiUPU
_erda
049 _aPRUA
082 0 4 _a236
_bC23
_223
100 1 _aCangelosi, Gary,
_eautor.
245 1 0 _aGod's kingdom on earth and in heaven /
_cGary Cangelosi.
264 1 _aUSA :
_bCitizens Chapel Press,
_c[2014].
300 _a515 páginas ;
_c23 centímetros
336 _atext
_2rdacontent
337 _aunmediated
_2rdamedia
338 _avolume
_2rdacarrier
504 _aIncluye referencias bibliográficas.
504 _aÍndice de escrituras : páginas 511-515.
505 0 _aTwo orders of being -- On the road to Emmaus -- The destiny of the raptured saints -- Daniel and the olivet discourse -- Satan's kingdom -- The Son's Kingdom -- The transformed body -- The new Jerusalem -- Eschatology and the trinity -- The stealthy restoration -- The ante-nicene millennialists -- Church and state nefore Christ`s reing -- Israel and the church -- God's plan of redemption.
526 _aSEG42
526 _aSEG41
526 _aSEG40
526 _aSEG39
526 _aP94
526 _aP87
526 _aP86
526 _aP85
526 _aP77
526 _aP76
526 _aP35
650 4 _aEscatología.
_95923
650 4 _aFin del mundo.
910 _acce
_bjvq
_ccce
_d20150825
942 _2ddc
_cBOOK
949 _aBT892 .C36 2014
_wDEWEY
_c1
_iCW00171
_lCIA
_mBWL
_r1
_sY
_tBOOK
_u2017-2-16
_xWHITE
_zUNKNOWN
_0COMPRA
_o.STAFF. Centro White
949 _aPGT 236 C23
_wDEWEY
_c1
_i71489
_f2017-2-14
_g1
_lCCODEBUL1
_mBUL
_p25.00
_r0
_sY
_tBOOK
_u2015-8-25
_xTEOLOGIA
_PP85
_0COMPRA
_o.CIRCNOTE. No olvidar cambiar la fecha de devolución!!!!!!!
_o.STAFF. Posgrado
994 _aC0
_bPEPRU
596 _a1 4
999 _aPGT 236 C23
_wDEWEY
_c6967
_i71489
_f2021-11-10
_g5
_lCCODEBUL1
_mBUL
_p25.00
_r0
_sY
_tBOOK
_u2015-8-25
_xTEOLOGIA
_PP85
_0COMPRA
_o.CIRCNOTE. No olvidar cambiar la fecha de devolución!!!!!!!
_o.STAFF. Posgrado
_d6967
999 _a236 C23 2014
_wDEWEY
_c1
_iCW00171
_f2021-12-22
_g1
_lCCODECWL1
_mBWL
_r1
_sY
_tBOOK
_u2017-2-16
_xWHITE
_zUNKNOWN
_0COMPRA
_o.STAFF. Centro White
980 _81
_gALBERTO SANCHEZ Responsable de Automatización